000 00523cam a2200205 4500
001 B3135
008 090401t1990 xxu||||| |||| 00| 0 eng d
035 _a(Sirsi) u54217
041 _aeng
050 _a696.6
100 _aHall, J.
245 _aUnvented hot water supply systems
260 _aGarston,Watford
_bBuilding Research Establishment
_c1990
300 _a(4)p. : ill. ; 30cm.
350 _a0
490 _aBRE Information Paper
_v9/90
650 _aHOT WATER SYSTEMS
942 _n0
948 _c04/03/1997
999 _c93437
_d93437